Analýza a návrh podsystému Evidencia majetku = Analysis and design of Inventory records keeping : Diplomová práca /

Saved in:
Bibliographic Details
Main Author: Lang, Radoslav (Author)
Other Authors: Šafaříková, Daniela (Thesis advisor)
Format: Manuscript Book
Published: Bratislava : STU v Bratislave FEI, 1997
Subjects:
Tags: Add Tag
No Tags, Be the first to tag this record!

MARC

LEADER 00000ntm a22000003a 4500
001 stu10021
005 20160719164948.2
008 970707s1997----------------------------d
040 |a STU  |b slo 
041 0
100 1 |a Lang, Radoslav  |4 aut 
245 1 |a Analýza a návrh podsystému Evidencia majetku = Analysis and design of Inventory records keeping :  |b Diplomová práca /  |c [aut.] Lang,Radoslav; Škol. řafaříková,Daniela 
260 |a Bratislava :  |b STU v Bratislave FEI,  |c 1997 
300 |a 63 s :  |b príl +  |c disketa 
650 7 |a informatika  |2 stusub 
700 1 |a Šafaříková, Daniela  |4 ths 
996 |b EDIPL-5331  |c I*DIPL-5331  |l II680  |s A  |a 24  |w stu10021_0001